| 000 | 00846nam a22002057a 4500 | ||
|---|---|---|---|
| 005 | 20120905120353.0 | ||
| 010 | _aB-463642 | ||
| 020 | _a9788189738228 | ||
| 035 | _aB-463642 | ||
| 037 |
_adpl _bRBC Pub/Ven |
||
| 082 | _a745.6707454 | ||
| 100 |
_aGoswamy, B.N. _952182 |
||
| 245 |
_aThe word is sacred sacred is the word: _bthe Indian manuscript tradition/ _cby B.N. Goswamy |
||
| 260 |
_aNew Delhi _bNiyogi Books _c2007 |
||
| 270 |
_aD-78, Okhla Industrial Area, Phase-I _bNew Delhi _e110020 |
||
| 300 |
_a203p. _bill. Coloured _c22cm. (Hb) |
||
| 942 |
_2ddc _cEN _mGOS _k745.6707454 |
||
| 999 |
_c69725 _d69725 |
||